期刊信息 |
| 索取号 |
C5/HJGCH
|
| 题名 |
海军工程大学学报
|
| 作者 |
海军工程大学学报编辑部
|
| 分册号 |
|
| 分册名 |
|
| 出版地 |
武汉
|
| 出版者 |
海军工程大学学报编辑部
|
| 标准刊号 |
|
| 出版频率 |
季刊
|
| 中图法分类 |
C5
|
| 主题词 |
社会科学 丛书; 社会科学 文集; 社会科学 连续出版物
|
| 电子资源 | |
| |
|
| 000 | 00729nas0 2200229 45 | |
| 001 | 0756603408 | |
| 005 | 20070417154657.26 | |
| 011 | @dCNY6.00(2005) | |
| 100 | @a20070417d km y0chiy0120 ea | |
| 101 | 0 | @achi |
| 102 | @aCN@b420000 | |
| 200 | 1 | @a海军工程大学学报@AHai Jun Gong Cheng Da Xue Xue Bao@i综合版@f海军工程大学学报编辑部@FHai Jun Gong Cheng Da Xue Xue Bao Bian Ji Bu |
| 210 | @a武汉@c海军工程大学学报编辑部 | |
| 326 | @a季刊 | |
| 517 | 1 | @a综合版@AZong He Ban |
| 606 | 0 | @a社会科学@x丛书 |
| 606 | 0 | @a社会科学@x文集 |
| 606 | 0 | @a社会科学@x连续出版物 |
| 690 | @aC5@v4 | |
| 711 | 02 | @a海军工程大学学报编辑部@AHai Jun Gong Cheng Da Xue Xue Bao Bian Ji Bu |
| 801 | 0 | @aCN@bPFT@c20070417 |
| 905 | @aTJWY@dC5@eHJGCH | |
| 海军工程大学学报.综合版/海军工程大学学报编辑部.-武汉:海军工程大学学报编辑部 |
| CNY6.00(2005) |
| ● |
| 相关链接: |
|
|
|
|